|
|
|
|
| LEADER |
00000cam a2200000 7i4500 |
| 001 |
0000001698 |
| 005 |
20011025.0 |
| 090 |
0 |
0 |
|a 634.92
|b SEL 1972
|
| 110 |
1 |
0 |
|a SELANGOR
|
| 245 |
1 |
0 |
|a Lapuran dan syor-syor Jawatankuasa mengenai Kegunaan Tanah dalam Hutan Simpan dan Tanah Kerajaan (with English translation)
|
| 260 |
0 |
0 |
|a Selangor :
|b Pejabat Kemajuan Negeri ,
|c 1972
|
| 300 |
|
|
|a Variouspagings :
|b folded maps in folder ;
|c 29 cm.
|
| 500 |
0 |
0 |
|a Bibliography: p. 41
|
| 650 |
0 |
0 |
|a Forest management
|z Selangor
|
| 650 |
0 |
0 |
|a Forest reserves
|z Selangor
|
| 998 |
|
|
|a JPSM
|
| 999 |
|
|
|a 0000002624
|b Monograph
|c Open Shelf
|e Default branch
|